Trampa infernal /
Tina Rivers está muy emocionada porque va a pasar un fin de semana con su novio en Patterson College. Con la euforia, ni siquiera le importa que le acompañe su prima Holly. Pero, cuando llegan a la residencia, Josh ha desaparecido. Su compañero de habitación, Christopher Roberts, les dice que Josh h...
Guardado en:
| Autor Principal: | |
|---|---|
| Formato: | Libro |
| Publicado: |
Barcelona :
Ediciones B,
1996.
|
| Series: | La calle del terror ;
8 |
| Materias: | |
| Etiquetas: |
Agregar Etiqueta
Sin Etiquetas, Sea el primero en etiquetar este registro!
|
| LEADER | 01410nam a22002535a 4500 | ||
|---|---|---|---|
| 001 | CEM.cems021127 | ||
| 008 | 240429s1996##################000#0#####d | ||
| 005 | 20240430190433.0 | ||
| 245 | 1 | 0 | |a Trampa infernal / |c R. L. Stine. |
| 260 | |a Barcelona : |b Ediciones B, |c 1996. | ||
| 300 | |a 144 p. | ||
| 490 | 0 | |a La calle del terror ; |v 8 | |
| 500 | |a Título original: College Weekend. | ||
| 520 | |a Tina Rivers está muy emocionada porque va a pasar un fin de semana con su novio en Patterson College. Con la euforia, ni siquiera le importa que le acompañe su prima Holly. Pero, cuando llegan a la residencia, Josh ha desaparecido. Su compañero de habitación, Christopher Roberts, les dice que Josh ha ido a la montaña y ha tenido una avería en el coche. A Tina le extraña que no le hubiera dicho que marchaba de excursión. La situación se complica aún más cuando, de pronto, desaparece Holly. Sin embargo, Christopher no parece preocupado y tiene respuestas para todo. Tine está desorientada. Tendrá que aprender sobre el amor y la muerte lo que aún no hubiera deseado saber. | ||
| 020 | |a 8440664311 | ||
| 100 | 1 | |a Stine, R. L. | |
| 082 | 0 | 4 | |a 813.5 |
| 653 | |a Literatura | ||
| 653 | |a Literatura juvenil | ||
| 653 | |a Novelas | ||
| 653 | |a Novelas juveniles | ||
| 653 | |a Literatura norteamericana | ||
| 653 | |a Novelas de terror | ||
| 859 | |a CEMS |b BIB. CEMS - Inicial y Primaria |h 813.5 |i St52 |k IP |p 4658 |t Ej.1 | ||
